| 000 | 00663nam a2200217 a 4500 | ||
|---|---|---|---|
| 005 | 20240925065142.0 | ||
| 008 | 010620s1996 r 000 0 eng d | ||
| 020 | _a8430929304 | ||
| 035 | _aUPN01000108722 | ||
| 049 | _aCG | ||
| 050 | 4 |
_aHM251 _bC6.48 |
|
| 100 | 1 | _aCollier, Gary | |
| 245 | 1 | 0 |
_aEscenarios y tendencias de la psicología social / _cGary Collier, Herny L. Minton, Graham Reynolds ; tr. Adela Garzón Pérez. |
| 260 |
_aMadrid : _bTecnos, _c1996. |
||
| 300 | _a587 p. | ||
| 440 | 0 | _aFilosofía y ensayo | |
| 650 | 4 |
_aPsicología social _95889 |
|
| 700 | 1 |
_aMinton, Henry L., _ecoaut. |
|
| 700 | 1 |
_aReynolds, Graham, _ecoaut. |
|
| 905 | _aLibro | ||
| 999 |
_c82633 _d82633 |
||